Landscape architect's pocket book (Record no. 64415)
[ view plain ]
| 000 -LEADER | |
|---|---|
| fixed length control field | 00510nam a2200193Ia 4500 |
| 001 - CONTROL NUMBER | |
| control field | 63761 |
| 008 - FIXED-LENGTH DATA ELEMENTS--GENERAL INFORMATION | |
| fixed length control field | 150109s9999 xx 000 0 und d |
| 020 ## - INTERNATIONAL STANDARD BOOK NUMBER | |
| International Standard Book Number | 9780850683487 |
| 040 ## - CATALOGING SOURCE | |
| Transcribing agency | PK-LaUMT |
| 082 ## - DEWEY DECIMAL CLASSIFICATION NUMBER | |
| Classification number | 712 |
| Item number | VER-L |
| 100 ## - MAIN ENTRY--PERSONAL NAME | |
| Personal name | Vernon, Siobhan |
| 245 ## - TITLE STATEMENT | |
| Title | Landscape architect's pocket book |
| Statement of responsibility, etc | Vernon, Siobhan|Tennant, Rachel|Garmory, Nicola |
| 260 ## - PUBLICATION, DISTRIBUTION, ETC. (IMPRINT) | |
| Place of publication, distribution, etc | London,UK: |
| Name of publisher, distributor, etc | Routledge, |
| Date of publication, distribution, etc | 2013 |
| 300 ## - PHYSICAL DESCRIPTION | |
| Extent | 299 p. |
| 546 ## - LANGUAGE NOTE | |
| Language note | EN |
| 700 ## - ADDED ENTRY--PERSONAL NAME | |
| Personal name | Garmory, Nicola |
| 700 ## - ADDED ENTRY--PERSONAL NAME | |
| Personal name | Tennant, Rachel |
| 942 ## - ADDED ENTRY ELEMENTS (KOHA) | |
| Koha item type | Books |
| Withdrawn status | Lost status | Damaged status | Not for loan | Home library | Current library | Date acquired | Total Checkouts | Total Renewals | Full call number | Barcode | Date last seen | Date checked out | Price effective from | Koha item type |
|---|---|---|---|---|---|---|---|---|---|---|---|---|---|---|
| UMT Main Campus | UMT Main Campus | 2015-01-09 | 8 | 1 | 712 VER-L | 87689 | 2023-03-08 | 2023-02-20 | 2015-01-09 | Books |
